000 00708nam a2200217Ia 4500
003 OSt
005 20250916151319.0
008 210719s1991 xx 000 0 und d
040 _cAL
041 _aTulu
082 _aT894.2 MUDI
100 _aMUDDU MUDUBELLE
_9139159
_dಮುದ್ದು ಮೂಡು ಬೆಳ್ಳೆ
245 _aIne rupakolu: Tulu janapada rupakolu
_bಇನೆರೂಪಕೊಲು: ತುಳು ಜಾನಪದ ಇನೆರೂಪಕೊಲು
260 _aBengaluru
_bTulu Chetana
_c1991
300 _a40
_bPB
365 _b6
_cRs
650 _aTulu Drama
_9139160
650 _aTulu Drama
_9139160
906 _aIne ; janapada ; rupakolu ; rupakolu: ; tulu
942 _2ddc
_cBK
999 _c214741
_d214741